000 00319nam a2200121Ia 4500
008 230627s9999 xx 000 0 und d
041 _aeng
082 _a342.54
_bBAS
100 _aBasu D.D
245 _aIntroduction To The Constitution Of India
250 _a18ed.
260 _aAgra
_bWadhwa And Company Pvt.Ltd.
_c1997
999 _c702664
_d702664